NDU-K Library Catalogue

Girl in a jacket 

The definitive handbook of business continuity management / (Record no. 23663)

MARC details
000 -LEADER
fixed length control field 01474cam a2200385 a 4500
001 - CONTROL NUMBER
control field 16466520
003 - CONTROL NUMBER IDENTIFIER
control field OSt
005 - DATE AND TIME OF LATEST TRANSACTION
control field 20260407094310.0
008 - FIXED-LENGTH DATA ELEMENTS--GENERAL INFORMATION
fixed length control field 100920s2011 njua bf 001 0 eng
010 ## - LIBRARY OF CONGRESS CONTROL NUMBER
LC control number 2010039910
020 ## - INTERNATIONAL STANDARD BOOK NUMBER
International Standard Book Number 9780470670149
035 ## - SYSTEM CONTROL NUMBER
System control number 16466520
040 ## - CATALOGING SOURCE
Original cataloging agency DLC
Transcribing agency DLC
Modifying agency DLC
050 00 - LIBRARY OF CONGRESS CALL NUMBER
Classification number HD49
Item number .D44 2011
082 00 - DEWEY DECIMAL CLASSIFICATION NUMBER
Classification number 658.4/056
Edition number 22
245 04 - TITLE STATEMENT
Title The definitive handbook of business continuity management /
Statement of responsibility, etc. edited by Andrew Hiles.
250 ## - EDITION STATEMENT
Edition statement 3rd ed.
260 ## - PUBLICATION, DISTRIBUTION, ETC.
Place of publication, distribution, etc. Hoboken, N.J. :
Name of publisher, distributor, etc. Wiley,
Date of publication, distribution, etc. c2011.
300 ## - PHYSICAL DESCRIPTION
Extent xxxiv, 798 p. :
Other physical details ill. ;
Dimensions 25 cm.
336 ## - CONTENT TYPE
Content type term text
Content type code txt
Source rdacontent
337 ## - MEDIA TYPE
Media type term unmediated
Media type code n
Source rdamedia
338 ## - CARRIER TYPE
Carrier type term volume
Carrier type code nc
Source rdacarrier
504 ## - BIBLIOGRAPHY, ETC. NOTE
Bibliography, etc. note Includes bibliographical references and index.
650 #0 - SUBJECT ADDED ENTRY--TOPICAL TERM
Topical term or geographic name entry element Crisis management.
650 #0 - SUBJECT ADDED ENTRY--TOPICAL TERM
Topical term or geographic name entry element Emergency management.
650 #0 - SUBJECT ADDED ENTRY--TOPICAL TERM
Topical term or geographic name entry element Business planning.
700 1# - ADDED ENTRY--PERSONAL NAME
Personal name Hiles, Andrew.
856 42 - ELECTRONIC LOCATION AND ACCESS
Materials specified Contributor biographical information
Uniform Resource Identifier <a href="http://www.loc.gov/catdir/enhancements/fy1101/2010039910-b.html">http://www.loc.gov/catdir/enhancements/fy1101/2010039910-b.html</a>
856 42 - ELECTRONIC LOCATION AND ACCESS
Materials specified Publisher description
Uniform Resource Identifier <a href="http://www.loc.gov/catdir/enhancements/fy1101/2010039910-d.html">http://www.loc.gov/catdir/enhancements/fy1101/2010039910-d.html</a>
856 41 - ELECTRONIC LOCATION AND ACCESS
Materials specified Table of contents only
Uniform Resource Identifier <a href="http://www.loc.gov/catdir/enhancements/fy1101/2010039910-t.html">http://www.loc.gov/catdir/enhancements/fy1101/2010039910-t.html</a>
906 ## - LOCAL DATA ELEMENT F, LDF (RLIN)
a 7
b cbc
c orignew
d 1
e ecip
f 20
g y-gencatlg
942 ## - ADDED ENTRY ELEMENTS (KOHA)
Source of classification or shelving scheme Library of Congress Classification
Koha item type Normal Collection
Suppress in OPAC No
Holdings
Withdrawn status Lost status Source of classification or shelving scheme Damaged status Not for loan Home library Current library Date acquired Inventory number Total Checkouts Full call number Barcode Date last seen Price effective from Koha item type
    Library of Congress Classification     International Peace Support Training Centre (IPSTC) International Peace Support Training Centre (IPSTC) 07/04/2026 2766/2018   HD49 .D44 2011 200127662018 07/04/2026 07/04/2026 Normal Collection
Copyright © 2026 [National Defence University - Kenya]. All rights reserved.